| 000 | 00533nam a2200157 i 4500 | ||
|---|---|---|---|
| 001 | 67819 | ||
| 003 | ES-MaACL | ||
| 005 | 20230906170143.0 | ||
| 007 | t| | ||
| 008 | 040206s1910 sp ||||1| spa d | ||
| 100 | 1 |
_aGallardo y de Font, Gerónimo. _953501 |
|
| 245 | 1 | 0 |
_aApertura de las Cortes de Cádiz en 24 de septiembre de 1810 / _cGerónimo Gallardo y de Font. |
| 260 |
_aSegovia : _b[s.n., _c1910] ( _fEl Adelantado de Segovia) |
||
| 500 | _aArtículos publicados en "El Adelantado de Segovia" | ||
| 852 |
_aES-MaACL _jT-1206-F-4 |
||
| 999 |
_c67819 _d67819 |
||